[Event "448. Wednesday (05.08.2020)"]
[Site "Official B"]
[Date "2020.08.05"]
[Round "8"]
[White "AmberKnight"]
[Black "Cucufato"]
[Result "1-0"]
[WhiteElo "1687"]
[BlackElo "1829"]
[Annotator "NA"]
[PlyCount "107"]
[EventDate "2020.08.05"]
[EventType "swiss (blitz)"]

{Burke, Steve} 1. e4 {[%emt 0:00:02]} c6 {[%emt 0:00:08]} 2. d4 {[%emt 0:00:02]} d5 {[%emt 0:00:00]} 3. e5 {[%emt 0:00:01]} Bf5 {[%emt 0:00:02]} 4. c4 {[%emt 0:00:01]} e6 {[%emt 0:00:00]} 5. Nc3 {[%emt 0:00:01]} Nd7 {[%emt 0:00:04]} 6. Qb3 {[%emt 0:00:09]} Qb6 {[%emt 0:00:05]} 7. c5 {[%emt 0:00:02]} Qxb3 {[%emt 0:00:03]} 8. axb3 {[%emt 0:00:01]} f6 {[%emt 0:00:30]} 9. f4 {[%emt 0:00:09]} g5 {[%emt 0:00:18]} 10. exf6 {[%emt 0:00:06]} gxf4 {[%emt 0:00:02]} 11. f7+ {[%emt 0:00:04]} Kxf7 {[%emt 0:00:03]} 12. Bxf4 {[%emt 0:00:01]} Bg7 {[%emt 0:00:06]} 13. Nf3 {[%emt 0:00:04]} Ngf6 {[%emt 0:00:09]} 14. Be2 {[%emt 0:00:05]} Rhg8 {[%emt 0:00:05]} 15. O-O {[%emt 0:00:02]} a6 {[%emt 0:00:01]} 16. Bd6 {[%emt 0:00:15]} Bf8 {[%emt 0:00:23]} 17. Ne5+ {[%emt 0:00:05]} Ke8 {[%emt 0:00:14]} 18. Nxd7 {[%emt 0:00:37]} Kxd7 {[%emt 0:00:22]} 19. Be5 {[%emt 0:00:05]} Be7 {[%emt 0:00:12]} 20. h3 {[%emt 0:00:18]} Ne4 {[%emt 0:00:41]} 21. Nxe4 {[%emt 0:00:15]} Bxe4 {[%emt 0:00:00]} 22. Bf3 {[%emt 0:00:03]} Bxf3 {[%emt 0:00:04]} 23. Rxf3 {[%emt 0:00:02]} Raf8 {[%emt 0:00:01]} 24. Raf1 {[%emt 0:00:02]} Rxf3 {[%emt 0:00:02]} 25. Rxf3 {[%emt 0:00:01]} Rf8 {[%emt 0:00:00]} 26. Kf2 {[%emt 0:00:21]} Rxf3+ {[%emt 0:00:05]} 27. Kxf3 {[%emt 0:00:01]} Ke8 {[%emt 0:00:03]} 28. Kf4 {[%emt 0:00:02]} Kf7 {[%emt 0:00:01]} 29. g3 {[%emt 0:00:07]} Bf8 {[%emt 0:00:14]} 30. Kg5 {[%emt 0:00:06]} Be7+ {[%emt 0:00:21]} 31. Kf4 {[%emt 0:00:08]} Kg6 {[%emt 0:00:13]} 32. h4 {[%emt 0:00:13]} Bf8 {[%emt 0:00:05]} 33. g4 {[%emt 0:00:05]} Bh6+ {[%emt 0:00:02]} 34. g5 {[%emt 0:00:06]} Bf8 {[%emt 0:00:00]} 35. Kg4 {[%emt 0:00:05]} h5+ {[%emt 0:00:03]} 36. Kf4 {[%emt 0:00:03]} Be7 {[%emt 0:00:01]} 37. Bc7 {[%emt 0:00:03]} Bf8 {[%emt 0:00:02]} 38. Ke5 {[%emt 0:00:02]} Kf7 {[%emt 0:00:01]} 39. Bd8 {[%emt 0:00:13]} Ke8 {[%emt 0:00:02]} 40. Bf6 {[%emt 0:00:03]} Kf7 {[%emt 0:00:01]} 41. g6+ {[%emt 0:00:21]} Kxg6 {[%emt 0:00:02]} 42. Kxe6 {[%emt 0:00:01]} Bh6 {[%emt 0:00:01]} 43. Be5 {[%emt 0:00:10]} Bc1 {[%emt 0:00:04]} 44. Kd7 {[%emt 0:00:02]} Bxb2 {[%emt 0:00:01]} 45. Kc8 {[%emt 0:00:01]} Kf5 {[%emt 0:00:00]} 46. Kxb7 {[%emt 0:00:01]} Kg4 {[%emt 0:00:00]} 47. Bf6 {[%emt 0:00:01]} Bc1 {[%emt 0:00:02]} 48. Kxc6 {[%emt 0:00:02]} Be3 {[%emt 0:00:00]} 49. Kxd5 {[%emt 0:00:01]} Bxd4 {[%emt 0:00:01]} 50. Kxd4 {[%emt 0:00:01]} a5 {[%emt 0:00:01]} 51. c6 {[%emt 0:00:01]} a4 {[%emt 0:00:00]} 52. bxa4 {[%emt 0:00:02]} Kh3 {[%emt 0:00:00]} 53. c7 {[%emt 0:00:01]} Kh2 {[%emt 0:00:00]} 54. c8=Q {[%emt 0:00:01] Cucufato rinde (Lag: Av=0.43s, max=6.9s)} 1-0

[Event "448. Wednesday (05.08.2020)"]
[Site "Official B"]
[Date "2020.08.05"]
[Round "8"]
[White "Gaius Bonus"]
[Black "Action26"]
[Result "1-0"]
[WhiteElo "1598"]
[BlackElo "1848"]
[Annotator "NA"]
[PlyCount "81"]
[EventDate "2020.08.05"]
[EventType "swiss (blitz)"]

1. d3 {[%emt 0:00:01]} c5 {[%emt 0:00:03]} 2. c4 {[%emt 0:00:01]} Nf6 {[%emt 0:00:03]} 3. g3 {[%emt 0:00:01]} g6 {[%emt 0:00:00]} 4. Bg2 {[%emt 0:00:01]} Bg7 {[%emt 0:00:00]} 5. Nf3 {[%emt 0:00:01]} O-O {[%emt 0:00:01]} 6. e3 {[%emt 0:00:00]} Nc6 {[%emt 0:00:03]} 7. Bd2 {[%emt 0:00:00]} b6 {[%emt 0:00:02]} 8. Nc3 {[%emt 0:00:00]} Bb7 {[%emt 0:00:02]} 9. a3 {[%emt 0:00:01]} e6 {[%emt 0:00:01]} 10. Qc2 {[%emt 0:00:01]} d5 {[%emt 0:00:02]} 11. O-O-O {[%emt 0:00:04]} d4 {[%emt 0:00:04]} 12. exd4 {[%emt 0:00:02]} cxd4 {[%emt 0:00:00]} 13. Ne4 {[%emt 0:00:06]} e5 {[%emt 0:00:05]} 14. Nxf6+ {[%emt 0:00:15]} Bxf6 {[%emt 0:00:03]} 15. h4 {[%emt 0:00:05]} Re8 {[%emt 0:00:03]} 16. h5 {[%emt 0:00:03]} Rc8 {[%emt 0:00:04]} 17. Kb1 {[%emt 0:00:03]} Ne7 {[%emt 0:00:10]} 18. hxg6 {[%emt 0:00:04]} fxg6 {[%emt 0:00:06]} 19. Ne1 {[%emt 0:00:11]} Bxg2 {[%emt 0:00:03]} 20. Nxg2 {[%emt 0:00:01]} Nf5 {[%emt 0:00:02]} 21. Rh2 {[%emt 0:00:18]} Re7 {[%emt 0:00:18]} 22. Rdh1 {[%emt 0:00:03]} b5 {[%emt 0:00:05]} 23. c5 {[%emt 0:00:03]} Rec7 {[%emt 0:00:15]} 24. Qb3+ {[%emt 0:00:09]} Kh8 {[%emt 0:00:10]} 25. Ba5 {[%emt 0:00:09]} a6 {[%emt 0:00:07]} 26. Bxc7 {[%emt 0:00:03]} Rxc7 {[%emt 0:00:00]} 27. g4 {[%emt 0:00:11]} Nh4 {[%emt 0:00:11]} 28. Nxh4 {[%emt 0:00:12]} Rg7 {[%emt 0:00:26]} 29. Qe6 {[%emt 0:00:13]} Qf8 {[%emt 0:00:08]} 30. Qxa6 {[%emt 0:00:17]} Bxh4 {[%emt 0:00:05]} 31. Rxh4 {[%emt 0:00:05]} b4 {[%emt 0:00:08]} 32. axb4 {[%emt 0:00:09]} Kg8 {[%emt 0:00:06]} 33. Qe6+ {[%emt 0:00:06]} Kh8 {[%emt 0:00:06]} 34. Qxe5 {[%emt 0:00:01]} Kg8 {[%emt 0:00:01]} 35. Qxd4 {[%emt 0:00:01]} Qe8 {[%emt 0:00:08]} 36. g5 {[%emt 0:00:10]} Qf8 {[%emt 0:00:02]} 37. Rf4 {[%emt 0:00:03]} Qe8 {[%emt 0:00:02]} 38. Qd5+ {[%emt 0:00:05]} Kh8 {[%emt 0:00:02]} 39. c6 {[%emt 0:00:07]} Rc7 {[%emt 0:00:03]} 40. Rc1 {[%emt 0:00:07]} Qa8 {[%emt 0:00:20]} 41. Qe5+ {[%emt 0:00:06] Action26 gibt auf (Lag: Av=0.69s, max=1.3s)} 1-0

[Event "448. Wednesday (05.08.2020)"]
[Site "Official B"]
[Date "2020.08.05"]
[Round "8"]
[White "Flaviao"]
[Black "Sadbat1122"]
[Result "0-1"]
[WhiteElo "1593"]
[BlackElo "1601"]
[Annotator "NA"]
[PlyCount "102"]
[EventDate "2020.08.05"]
[EventType "swiss (blitz)"]

1. c4 {[%emt 0:00:02]} e5 {[%emt 0:00:02]} 2. Nc3 {[%emt 0:00:01]} c6 {[%emt 0:00:02]} 3. e3 {[%emt 0:00:01]} d5 {[%emt 0:00:03]} 4. cxd5 {[%emt 0:00:02]} cxd5 {[%emt 0:00:01]} 5. d4 {[%emt 0:00:01]} e4 {[%emt 0:00:02]} 6. Nge2 {[%emt 0:00:03]} Nf6 {[%emt 0:00:03]} 7. Ng3 {[%emt 0:00:02]} Nc6 {[%emt 0:00:04]} 8. a3 {[%emt 0:00:02]} Bd6 {[%emt 0:00:05]} 9. Be2 {[%emt 0:00:01]} h5 {[%emt 0:00:05]} 10. Bb5 {[%emt 0:00:09]} h4 {[%emt 0:00:07]} 11. Nge2 {[%emt 0:00:02]} h3 {[%emt 0:00:04]} 12. g3 {[%emt 0:00:15]} Bg4 {[%emt 0:00:03]} 13. Qc2 {[%emt 0:00:08]} Bf3 {[%emt 0:00:02]} 14. O-O {[%emt 0:00:03]} Rc8 {[%emt 0:00:07]} 15. Re1 {[%emt 0:00:04]} Qc7 {[%emt 0:00:13]} 16. Nf4 {[%emt 0:00:03]} Bxf4 {[%emt 0:00:02]} 17. exf4 {[%emt 0:00:01]} a6 {[%emt 0:00:09]} 18. Bxc6+ {[%emt 0:00:12]} Qxc6 {[%emt 0:00:03]} 19. Be3 {[%emt 0:00:01]} O-O {[%emt 0:00:05]} 20. Rac1 {[%emt 0:00:01]} Qe6 {[%emt 0:00:06]} 21. Qb3 {[%emt 0:00:03]} b5 {[%emt 0:00:04]} 22. a4 {[%emt 0:00:06]} bxa4 {[%emt 0:00:08]} 23. Qxa4 {[%emt 0:00:01]} Qb6 {[%emt 0:00:09]} 24. b4 {[%emt 0:00:07]} Rc4 {[%emt 0:00:04]} 25. Qa5 {[%emt 0:00:13]} Qxb4 {[%emt 0:00:04]} 26. Qxa6 {[%emt 0:00:02]} Rxc3 {[%emt 0:00:11]} 27. Rxc3 {[%emt 0:00:08]} Qxc3 {[%emt 0:00:02]} 28. Rc1 {[%emt 0:00:02]} Qd3 {[%emt 0:00:05]} 29. Qxd3 {[%emt 0:00:13]} exd3 {[%emt 0:00:02]} 30. Kf1 {[%emt 0:00:03]} Be2+ {[%emt 0:00:03]} 31. Ke1 {[%emt 0:00:01]} Ne4 {[%emt 0:00:02]} 32. Ra1 {[%emt 0:00:11]} Rc8 {[%emt 0:00:07]} 33. f5 {[%emt 0:00:17]} f6 {[%emt 0:00:06]} 34. Ra2 {[%emt 0:00:21]} Bf3 {[%emt 0:00:10]} 35. Bf4 {[%emt 0:00:17]} Rc4 {[%emt 0:00:09]} 36. Be3 {[%emt 0:00:08]} Rc2 {[%emt 0:00:06]} 37. Ra8+ {[%emt 0:00:09]} Kh7 {[%emt 0:00:03]} 38. Ra3 {[%emt 0:00:05]} d2+ {[%emt 0:00:06]} 39. Bxd2 {[%emt 0:00:10]} Rxd2 {[%emt 0:00:01]} 40. Rxf3 {[%emt 0:00:02]} Rxd4 {[%emt 0:00:06]} 41. g4 {[%emt 0:00:03]} Ng5 {[%emt 0:00:03]} 42. Re3 {[%emt 0:00:06]} Re4 {[%emt 0:00:03]} 43. Ke2 {[%emt 0:00:04]} Rb4 {[%emt 0:00:07]} 44. f4 {[%emt 0:00:02]} Rxf4 {[%emt 0:00:04]} 45. Rd3 {[%emt 0:00:07]} d4 {[%emt 0:00:04]} 46. Rg3 {[%emt 0:00:14]} Kg8 {[%emt 0:00:02]} 47. Ra3 {[%emt 0:00:14]} Rxg4 {[%emt 0:00:07]} 48. Rd3 {[%emt 0:00:11]} Kh7 {[%emt 0:00:03]} 49. Kf1 {[%emt 0:00:02]} Rg2 {[%emt 0:00:03]} 50. Rxd4 {[%emt 0:00:02]} Rxh2 {[%emt 0:00:02]} 51. Rh4+ {[%emt 0:00:01]} Kg8 {[%emt 0:00:02] Zeit (Lag: Av=1.04s, max=1.5s)} 0-1

[Event "448. Wednesday (05.08.2020)"]
[Site "Official B"]
[Date "2020.08.05"]
[Round "8"]
[White "möwe"]
[Black "Verteidigung"]
[Result "1-0"]
[WhiteElo "1549"]
[BlackElo "1487"]
[Annotator "NA"]
[PlyCount "97"]
[EventDate "2020.08.05"]
[EventType "swiss (blitz)"]

1. e4 {[%emt 0:00:02]} c6 {[%emt 0:00:02]} 2. d4 {[%emt 0:00:02]} d5 {[%emt 0:00:01]} 3. exd5 {[%emt 0:00:01]} cxd5 {[%emt 0:00:01]} 4. Nf3 {[%emt 0:00:00]} Nc6 {[%emt 0:00:01]} 5. Bd3 {[%emt 0:00:00]} g6 {[%emt 0:00:01]} 6. O-O {[%emt 0:00:03]} Bg4 {[%emt 0:00:02]} 7. c3 {[%emt 0:00:02]} Bg7 {[%emt 0:00:02]} 8. Re1 {[%emt 0:00:02]} Nf6 {[%emt 0:00:01]} 9. Bf4 {[%emt 0:00:03]} O-O {[%emt 0:00:02]} 10. Nbd2 {[%emt 0:00:01]} e6 {[%emt 0:00:05]} 11. Qb3 {[%emt 0:00:04]} Qe7 {[%emt 0:00:13]} 12. Ne5 {[%emt 0:00:17]} Nxe5 {[%emt 0:00:10]} 13. Bxe5 {[%emt 0:00:02]} Qd7 {[%emt 0:00:31]} 14. h3 {[%emt 0:00:10]} Bf5 {[%emt 0:00:02]} 15. Bb5 {[%emt 0:00:07]} Qd8 {[%emt 0:00:10]} 16. Rac1 {[%emt 0:00:19]} a6 {[%emt 0:00:14]} 17. Be2 {[%emt 0:00:02]} b5 {[%emt 0:00:03]} 18. Qb4 {[%emt 0:00:08]} h5 {[%emt 0:00:31]} 19. Bf3 {[%emt 0:00:34]} Qb6 {[%emt 0:00:19]} 20. Bd6 {[%emt 0:00:11]} Rfe8 {[%emt 0:00:07]} 21. Bc5 {[%emt 0:00:02]} Qc7 {[%emt 0:00:06]} 22. a4 {[%emt 0:00:14]} a5 {[%emt 0:00:16]} 23. Qxb5 {[%emt 0:00:02]} Rab8 {[%emt 0:00:01]} 24. Qa6 {[%emt 0:00:16]} Rxb2 {[%emt 0:00:04]} 25. Nf1 {[%emt 0:00:08]} Be4 {[%emt 0:00:18]} 26. Bxe4 {[%emt 0:00:04]} Nxe4 {[%emt 0:00:01]} 27. Re2 {[%emt 0:00:07]} Rxe2 {[%emt 0:00:08]} 28. Qxe2 {[%emt 0:00:03]} Nxc5 {[%emt 0:00:01]} 29. dxc5 {[%emt 0:00:02]} Qxc5 {[%emt 0:00:01]} 30. c4 {[%emt 0:00:08]} Rc8 {[%emt 0:00:12]} 31. Ne3 {[%emt 0:00:07]} Bd4 {[%emt 0:00:05]} 32. Rc2 {[%emt 0:00:09]} Bxe3 {[%emt 0:00:02]} 33. fxe3 {[%emt 0:00:02]} dxc4 {[%emt 0:00:09]} 34. Kh1 {[%emt 0:00:04]} Qb4 {[%emt 0:00:11]} 35. e4 {[%emt 0:00:07]} e5 {[%emt 0:00:06]} 36. Qf3 {[%emt 0:00:11]} Kg7 {[%emt 0:00:02]} 37. Rf2 {[%emt 0:00:03]} Rc7 {[%emt 0:00:03]} 38. Qf6+ {[%emt 0:00:03]} Kg8 {[%emt 0:00:02]} 39. Qxe5 {[%emt 0:00:01]} Qe7 {[%emt 0:00:05]} 40. Qxa5 {[%emt 0:00:07]} Ra7 {[%emt 0:00:06]} 41. Qd5 {[%emt 0:00:04]} Rxa4 {[%emt 0:00:03]} 42. e5 {[%emt 0:00:08]} Ra1+ {[%emt 0:00:02]} 43. Kh2 {[%emt 0:00:02]} Kg7 {[%emt 0:00:02]} 44. Qd4 {[%emt 0:00:12]} Re1 {[%emt 0:00:02]} 45. e6+ {[%emt 0:00:02]} Kh7 {[%emt 0:00:07]} 46. Rxf7+ {[%emt 0:00:02]} Qxf7 {[%emt 0:00:03]} 47. exf7 {[%emt 0:00:01]} Kh6 {[%emt 0:00:01]} 48. f8=Q+ {[%emt 0:00:02]} Kh7 {[%emt 0:00:01]} 49. Qdg7# {[%emt 0:00:05] (Lag: Av=0.45s, max=1.2s)} 1-0

[Event "448. Wednesday (05.08.2020)"]
[Site "Official B"]
[Date "2020.08.05"]
[Round "8"]
[White "W0rthl33s"]
[Black "Halligalli1601"]
[Result "0-1"]
[WhiteElo "1502"]
[BlackElo "1724"]
[Annotator "NA"]
[PlyCount "136"]
[EventDate "2020.08.05"]
[EventType "swiss (blitz)"]

1. Nf3 {[%emt 0:00:02]} Nf6 {[%emt 0:00:02]} 2. d4 {[%emt 0:00:01]} d5 {[%emt 0:00:01]} 3. e3 {[%emt 0:00:01]} c5 {[%emt 0:00:02]} 4. c3 {[%emt 0:00:02]} Nc6 {[%emt 0:00:01]} 5. Nbd2 {[%emt 0:00:04]} Qc7 {[%emt 0:00:05]} 6. g3 {[%emt 0:00:03]} e5 {[%emt 0:00:02]} 7. dxe5 {[%emt 0:00:02]} Nxe5 {[%emt 0:00:01]} 8. Nxe5 {[%emt 0:00:01]} Qxe5 {[%emt 0:00:02]} 9. Bg2 {[%emt 0:00:01]} h5 {[%emt 0:00:02]} 10. Nf3 {[%emt 0:00:03]} Qc7 {[%emt 0:00:08]} 11. Qa4+ {[%emt 0:00:14]} Bd7 {[%emt 0:00:03]} 12. Qc2 {[%emt 0:00:14]} h4 {[%emt 0:00:04]} 13. Nxh4 {[%emt 0:00:03]} Rxh4 {[%emt 0:00:04]} 14. gxh4 {[%emt 0:00:02]} Bd6 {[%emt 0:00:01]} 15. f3 {[%emt 0:00:23]} Bxh2 {[%emt 0:00:46]} 16. Bd2 {[%emt 0:00:17]} Bg3+ {[%emt 0:00:02]} 17. Ke2 {[%emt 0:00:05]} g6 {[%emt 0:00:05]} 18. Raf1 {[%emt 0:00:04]} Bd6 {[%emt 0:00:04]} 19. Kd1 {[%emt 0:00:04]} Nh5 {[%emt 0:00:03]} 20. Re1 {[%emt 0:00:11]} O-O-O {[%emt 0:00:06]} 21. Bh3 {[%emt 0:00:03]} Bg3 {[%emt 0:00:11]} 22. Bxd7+ {[%emt 0:00:03]} Qxd7 {[%emt 0:00:03]} 23. Ref1 {[%emt 0:00:05]} Qe7 {[%emt 0:00:04]} 24. Kc1 {[%emt 0:00:03]} Bxh4 {[%emt 0:00:02]} 25. Kb1 {[%emt 0:00:01]} Bf6 {[%emt 0:00:02]} 26. Ka1 {[%emt 0:00:02]} Kb8 {[%emt 0:00:02]} 27. e4 {[%emt 0:00:12]} Ng3 {[%emt 0:00:04]} 28. Bf4+ {[%emt 0:00:05]} Be5 {[%emt 0:00:03]} 29. Bxg3 {[%emt 0:00:02]} Bxg3 {[%emt 0:00:02]} 30. exd5 {[%emt 0:00:02]} Rxd5 {[%emt 0:00:03]} 31. Rd1 {[%emt 0:00:01]} Re5 {[%emt 0:00:04]} 32. Qd3 {[%emt 0:00:08]} Kc7 {[%emt 0:00:03]} 33. a3 {[%emt 0:00:04]} a6 {[%emt 0:00:05]} 34. Rh8 {[%emt 0:00:04]} Re3 {[%emt 0:00:21]} 35. Qd5 {[%emt 0:00:06]} Bd6 {[%emt 0:00:05]} 36. Rh7 {[%emt 0:00:05]} Re6 {[%emt 0:00:03]} 37. c4 {[%emt 0:00:28]} Rf6 {[%emt 0:00:02]} 38. Rd3 {[%emt 0:00:07]} Rf5 {[%emt 0:00:14]} 39. Qe4 {[%emt 0:00:07]} Re5 {[%emt 0:00:01]} 40. Qg4 {[%emt 0:00:09]} Re1+ {[%emt 0:00:06]} 41. Ka2 {[%emt 0:00:02]} Re2 {[%emt 0:00:10]} 42. Rh8 {[%emt 0:00:06]} Kb6 {[%emt 0:00:16]} 43. Rb3+ {[%emt 0:00:09]} Kc6 {[%emt 0:00:09]} 44. Qc8+ {[%emt 0:00:08]} Qc7 {[%emt 0:00:01]} 45. Qxc7+ {[%emt 0:00:11]} Bxc7 {[%emt 0:00:02]} 46. Rh4 {[%emt 0:00:03]} Rc2 {[%emt 0:00:07]} 47. Re4 {[%emt 0:00:03]} Rd2 {[%emt 0:00:10]} 48. Kb1 {[%emt 0:00:02]} Rd7 {[%emt 0:00:04]} 49. Kc1 {[%emt 0:00:02]} g5 {[%emt 0:00:01]} 50. Kc2 {[%emt 0:00:02]} Bf4 {[%emt 0:00:02]} 51. Re2 {[%emt 0:00:02]} f6 {[%emt 0:00:04]} 52. Rd3 {[%emt 0:00:01]} Rh7 {[%emt 0:00:01]} 53. Re6+ {[%emt 0:00:03]} Kc7 {[%emt 0:00:03]} 54. Rd1 {[%emt 0:00:04]} Be5 {[%emt 0:00:03]} 55. Re1 {[%emt 0:00:04]} Rh2+ {[%emt 0:00:01]} 56. Kd1 {[%emt 0:00:01]} Rxb2 {[%emt 0:00:03]} 57. R1xe5 {[%emt 0:00:01]} fxe5 {[%emt 0:00:02]} 58. Rxe5 {[%emt 0:00:00]} Rb3 {[%emt 0:00:02]} 59. Rxc5+ {[%emt 0:00:00]} Kd6 {[%emt 0:00:02]} 60. Rxg5 {[%emt 0:00:00]} Rxf3 {[%emt 0:00:02]} 61. Rg6+ {[%emt 0:00:00]} Kc5 {[%emt 0:00:02]} 62. Rg5+ {[%emt 0:00:00]} Kxc4 {[%emt 0:00:01]} 63. Ke2 {[%emt 0:00:00]} Rf7 {[%emt 0:00:02]} 64. Rc5+ {[%emt 0:00:01]} Kxc5 {[%emt 0:00:01]} 65. a4 {[%emt 0:00:01]} Kb4 {[%emt 0:00:01]} 66. Kd3 {[%emt 0:00:01]} Kxa4 {[%emt 0:00:01]} 67. Kd4 {[%emt 0:00:00]} Rc7 {[%emt 0:00:02]} 68. Kd5 {[%emt 0:00:00]} Rc6 {[%emt 0:00:01] Zeit (Lag: Av=0.96s, max=1.2s)} 0-1

[Event "448. Wednesday (05.08.2020)"]
[Site "Official B"]
[Date "2020.08.05"]
[Round "8"]
[White "Minimaxi0708"]
[Black "Vhêne"]
[Result "0-1"]
[WhiteElo "1468"]
[BlackElo "1418"]
[Annotator "NA"]
[PlyCount "140"]
[EventDate "2020.08.05"]
[EventType "swiss (blitz)"]

1. d4 {[%emt 0:00:03]} g6 {[%emt 0:00:01]} 2. Nf3 {[%emt 0:00:02]} Bg7 {[%emt 0:00:00]} 3. Nc3 {[%emt 0:00:01]} c5 {[%emt 0:00:01]} 4. dxc5 {[%emt 0:00:06]} Qa5 {[%emt 0:00:03]} 5. Bd2 {[%emt 0:00:06]} Qxc5 {[%emt 0:00:02]} 6. e4 {[%emt 0:00:06]} Nf6 {[%emt 0:00:06]} 7. Bd3 {[%emt 0:00:08]} O-O {[%emt 0:00:03]} 8. O-O {[%emt 0:00:01]} Nc6 {[%emt 0:00:06]} 9. Be3 {[%emt 0:00:03]} Qb4 {[%emt 0:00:08]} 10. Rb1 {[%emt 0:00:07]} Ng4 {[%emt 0:00:04]} 11. a3 {[%emt 0:00:03]} Qd6 {[%emt 0:00:06]} 12. Qd2 {[%emt 0:00:17]} Nd4 {[%emt 0:00:05]} 13. Bxd4 {[%emt 0:00:05]} Bxd4 {[%emt 0:00:02]} 14. h3 {[%emt 0:00:05]} Nf6 {[%emt 0:00:22]} 15. Nxd4 {[%emt 0:00:06]} Qxd4 {[%emt 0:00:04]} 16. Nb5 {[%emt 0:00:12]} Qb6 {[%emt 0:00:06]} 17. Nc3 {[%emt 0:00:10]} a6 {[%emt 0:00:09]} 18. Nd5 {[%emt 0:00:02]} Nxd5 {[%emt 0:00:03]} 19. exd5 {[%emt 0:00:00]} e6 {[%emt 0:00:09]} 20. dxe6 {[%emt 0:00:04]} dxe6 {[%emt 0:00:04]} 21. Qg5 {[%emt 0:00:10]} Qd4 {[%emt 0:00:10]} 22. Rfd1 {[%emt 0:00:12]} Qg7 {[%emt 0:00:06]} 23. Re1 {[%emt 0:00:12]} b5 {[%emt 0:00:03]} 24. Re3 {[%emt 0:00:02]} Bb7 {[%emt 0:00:03]} 25. Be4 {[%emt 0:00:04]} Bxe4 {[%emt 0:00:05]} 26. Rxe4 {[%emt 0:00:00]} Rac8 {[%emt 0:00:02]} 27. Re2 {[%emt 0:00:11]} Rfd8 {[%emt 0:00:14]} 28. Rd2 {[%emt 0:00:12]} Rxd2 {[%emt 0:00:08]} 29. Qxd2 {[%emt 0:00:00]} Qf6 {[%emt 0:00:03]} 30. c3 {[%emt 0:00:23]} Rd8 {[%emt 0:00:02]} 31. Qe2 {[%emt 0:00:05]} Qf5 {[%emt 0:00:03]} 32. Rd1 {[%emt 0:00:06]} Rxd1+ {[%emt 0:00:12]} 33. Qxd1 {[%emt 0:00:00]} Qe4 {[%emt 0:00:03]} 34. Qd8+ {[%emt 0:00:05]} Kg7 {[%emt 0:00:02]} 35. Qd4+ {[%emt 0:00:01]} Qxd4 {[%emt 0:00:03]} 36. cxd4 {[%emt 0:00:00]} Kf6 {[%emt 0:00:03]} 37. Kf1 {[%emt 0:00:02]} Kf5 {[%emt 0:00:01]} 38. f3 {[%emt 0:00:06]} e5 {[%emt 0:00:02]} 39. d5 {[%emt 0:00:09]} Kf6 {[%emt 0:00:04]} 40. Ke2 {[%emt 0:00:03]} g5 {[%emt 0:00:03]} 41. Ke3 {[%emt 0:00:03]} Ke7 {[%emt 0:00:02]} 42. Ke4 {[%emt 0:00:02]} f6 {[%emt 0:00:01]} 43. g3 {[%emt 0:00:04]} Kd6 {[%emt 0:00:03]} 44. h4 {[%emt 0:00:20]} gxh4 {[%emt 0:00:02]} 45. gxh4 {[%emt 0:00:01]} h6 {[%emt 0:00:02]} 46. h5 {[%emt 0:00:01]} Kc5 {[%emt 0:00:05]} 47. Kf5 {[%emt 0:00:03]} Kxd5 {[%emt 0:00:02]} 48. Kxf6 {[%emt 0:00:01]} Kd4 {[%emt 0:00:02]} 49. Kg6 {[%emt 0:00:01]} Ke3 {[%emt 0:00:02]} 50. Kxh6 {[%emt 0:00:00]} Kxf3 {[%emt 0:00:01]} 51. Kg7 {[%emt 0:00:00]} e4 {[%emt 0:00:00]} 52. h6 {[%emt 0:00:00]} e3 {[%emt 0:00:00]} 53. h7 {[%emt 0:00:00]} e2 {[%emt 0:00:00]} 54. h8=Q {[%emt 0:00:01]} e1=Q {[%emt 0:00:01]} 55. Qh5+ {[%emt 0:00:03]} Kf2 {[%emt 0:00:06]} 56. Qf5+ {[%emt 0:00:05]} Ke2 {[%emt 0:00:01]} 57. Qe4+ {[%emt 0:00:02]} Kd2 {[%emt 0:00:02]} 58. Qb4+ {[%emt 0:00:02]} Kd1 {[%emt 0:00:02]} 59. Qb3+ {[%emt 0:00:02]} Kc1 {[%emt 0:00:03]} 60. Qc3+ {[%emt 0:00:07]} Qxc3+ {[%emt 0:00:03]} 61. bxc3 {[%emt 0:00:00]} Kc2 {[%emt 0:00:01]} 62. Kf6 {[%emt 0:00:00]} Kxc3 {[%emt 0:00:01]} 63. Ke5 {[%emt 0:00:00]} Kb3 {[%emt 0:00:01]} 64. Ke4 {[%emt 0:00:00]} Kxa3 {[%emt 0:00:01]} 65. Kd3 {[%emt 0:00:00]} b4 {[%emt 0:00:01]} 66. Kc2 {[%emt 0:00:01]} Ka2 {[%emt 0:00:01]} 67. Kc1 {[%emt 0:00:01]} b3 {[%emt 0:00:01]} 68. Kd2 {[%emt 0:00:01]} b2 {[%emt 0:00:01]} 69. Kc3 {[%emt 0:00:00]} b1=Q {[%emt 0:00:01]} 70. Kc4 {[%emt 0:00:00]} Qc2+ {[%emt 0:00:04] Minimaxi0708 gibt auf (Lag: Av=0.39s, max=0.7s)} 0-1

[Event "448. Wednesday (05.08.2020)"]
[Site "Official B"]
[Date "2020.08.05"]
[Round "8"]
[White "Duckduck"]
[Black "Inter_slo"]
[Result "0-1"]
[WhiteElo "1439"]
[BlackElo "1737"]
[Annotator "NA"]
[PlyCount "56"]
[EventDate "2020.08.05"]
[EventType "swiss (blitz)"]

1. d4 {[%emt 0:00:02]} c5 {[%emt 0:00:13]} 2. dxc5 {[%emt 0:00:02]} Qa5+ {[%emt 0:00:02]} 3. c3 {[%emt 0:00:01]} Qxc5 {[%emt 0:00:02]} 4. b4 {[%emt 0:00:00]} Qc7 {[%emt 0:00:01]} 5. Bb2 {[%emt 0:00:00]} a6 {[%emt 0:00:02]} 6. e3 {[%emt 0:00:01]} b5 {[%emt 0:00:02]} 7. Qc2 {[%emt 0:00:04]} Nc6 {[%emt 0:00:02]} 8. Bd3 {[%emt 0:00:03]} Nf6 {[%emt 0:00:06]} 9. Nd2 {[%emt 0:00:02]} h6 {[%emt 0:00:02]} 10. Ngf3 {[%emt 0:00:01]} e6 {[%emt 0:00:03]} 11. O-O {[%emt 0:00:03]} Bd6 {[%emt 0:00:01]} 12. Rac1 {[%emt 0:00:02]} O-O {[%emt 0:00:04]} 13. e4 {[%emt 0:00:04]} Ne5 {[%emt 0:00:06]} 14. Nxe5 {[%emt 0:00:02]} Bxe5 {[%emt 0:00:04]} 15. Nf3 {[%emt 0:00:05]} Bf4 {[%emt 0:00:10]} 16. Rcd1 {[%emt 0:00:05]} d5 {[%emt 0:00:09]} 17. g3 {[%emt 0:00:03]} Bd6 {[%emt 0:00:02]} 18. Rfe1 {[%emt 0:00:12]} dxe4 {[%emt 0:00:14]} 19. Bxe4 {[%emt 0:00:04]} Nxe4 {[%emt 0:00:03]} 20. Qxe4 {[%emt 0:00:02]} Bb7 {[%emt 0:00:02]} 21. Qe2 {[%emt 0:00:06]} Be7 {[%emt 0:00:08]} 22. Nd4 {[%emt 0:00:09]} Rfd8 {[%emt 0:00:11]} 23. f4 {[%emt 0:00:10]} Bd5 {[%emt 0:00:06]} 24. a3 {[%emt 0:00:04]} Bf6 {[%emt 0:00:17]} 25. Qe3 {[%emt 0:00:07]} Rac8 {[%emt 0:00:10]} 26. Rc1 {[%emt 0:00:10]} Ba8 {[%emt 0:00:04]} 27. Nf3 {[%emt 0:00:06]} Qb7 {[%emt 0:00:06]} 28. Kf2 {[%emt 0:00:34]} Rd2+ {[%emt 0:00:24] Duckduck gibt auf (Lag: Av=0.42s, max=0.5s)} 0-1